000 00954nas a2200265Ia 4500
001 A50/R096-6846 [r000004041]
003 IT-MiCISF
008 161014c99999999xx |||||||||||| ||und||
040 _aIT-MiCISF
_cIT-MiCISF
041 _aITALIANO
100 _aRatzinger Joseph
210 _aIl regno. Documenti
222 _aIl regno. Documenti
245 0 _aUna valutazione globale del Sinodo sulla Famiglia (Lettera Pastorale)
250 _a1a ed.
260 _c1981
501 _bCISF - Centro Internazionale Studi Famiglia - Via Giotto, 36 20145 MILANO (non commercial uses only)
_cCopyright 2016
300 _app. 161-169
362 _an. 5, 1 marzo [1981]
500 _a Tema: pastorale-familiare, matrimonio-sacramento, indissolubilità, matrimonio-misto, identità-femminile, humanae-vitae, contraccezione
650 _aPASTORALE - pastorale familiare
_vdocumento
700 _aAA.VV.
942 _cCR
957 _71
999 _a6846
_bSi
_g1
_c242718
_d242718